|
|
|
|
| LEADER |
00000nam0a2200000 4500 |
| 001 |
230871 |
| 005 |
20231101231032.0 |
| 035 |
|
|
|a (RuTPU)RU\TPU\book\251860
|
| 090 |
|
|
|a 230871
|
| 100 |
|
|
|a 20130125d1928 k y0rusy50 ca
|
| 101 |
0 |
|
|a rus
|a eng
|
| 102 |
|
|
|a RU
|
| 105 |
|
|
|a a z 001zy
|
| 200 |
1 |
|
|a О новых своеобразных формах археоциат из кембрия Сибири
|e [оттиск статьи]
|f А. Г. Вологдин
|g Русское палеонтологическое общество
|
| 210 |
|
|
|a Ленинград
|c Лениздат
|d 1928
|
| 215 |
|
|
|a 25-46 с.
|c ил. 1 табл.
|
| 225 |
1 |
|
|a Ежегодник русского палеонтологического общества
|v Т. 7, 1927
|
| 300 |
|
|
|a Резюме на англ. яз.
|
| 317 |
|
|
|5 63413507: КР-539
|a Поступила в НТБ в 2004 г. в составе книжного собрания профессора ТПИ К. В. Радугина
|
| 320 |
|
|
|a Библиогр.: с. 44.
|
| 606 |
1 |
|
|a Археоциаты
|2 stltpush
|3 (RuTPU)RU\TPU\subj\72116
|9 85702
|
| 610 |
1 |
|
|a палеонтологические исследования
|
| 610 |
1 |
|
|a палеонтолого-стратиграфические исследования
|
| 610 |
1 |
|
|a кембрийская система
|
| 610 |
1 |
|
|a кембрийские отложения
|
| 610 |
1 |
|
|a Сибирь
|
| 610 |
1 |
|
|a фауна
|
| 610 |
1 |
|
|a Енисей
|
| 610 |
1 |
|
|a Хакасия
|
| 610 |
1 |
|
|a ископаемые организмы
|
| 610 |
1 |
|
|a владельческие знаки
|
| 610 |
1 |
|
|a библиотека К. В. Радугина
|
| 675 |
|
|
|a 563.66
|v 3
|
| 700 |
|
1 |
|a Вологдин
|b А. Г.
|
| 712 |
0 |
2 |
|a Русское палеонтологическое общество
|2 stltpush
|3 (RuTPU)RU\TPU\col\18531
|
| 801 |
|
1 |
|a RU
|b 63413507
|c 20130125
|
| 801 |
|
2 |
|a RU
|b 63413507
|c 20190221
|g RCR
|
| 942 |
|
|
|c BK
|